Les 100 prénoms féminins les plus donnés en 1996 - Statistiques

Statistiques générales
  • Ce quiz a été pris 680 fois
  • Le résultat moyen est 60 sur 100
Statistiques - réponses
#1 1ère lettre Prénom % Correct
2 M Marie
97%
10 J Julie
95%
6 L Léa
91%
4 C Camille
89%
8 C Chloé
88%
7 P Pauline
88%
31 J Juliette
87%
3 L Laura
87%
1 M Manon
87%
45 L Louise
85%
9 S Sarah
84%
51 E Emma
82%
24 L Lucie
82%
21 E Emilie
81%
85 L Laure
80%
5 M Marine
80%
13 M Marion
80%
46 S Sophie
80%
19 C Charlotte
79%
42 A Alice
78%
26 C Clara
78%
79 J Julia
78%
11 M Mathilde
78%
17 J Justine
77%
49 E Elise
76%
40 E Elisa
75%
76 J Jeanne
75%
38 I Inès
74%
14 O Océane
74%
30 L Lisa
72%
32 A Amélie
71%
36 A Aurélie
71%
27 N Noémie
71%
35 C Clémence
70%
65 V Valentine
70%
34 C Céline
69%
20 E Elodie
69%
100 J Jade
69%
29 C Claire
68%
15 M Mélanie
68%
12 A Anaïs
67%
44 A Alexandra
66%
23 A Amandine
66%
67 C Cécile
65%
43 F Fanny
65%
37 C Caroline
63%
53 M Margot
63%
50 A Alicia
62%
25 A Audrey
61%
52 E Eva
61%
68 V Victoria
61%
28 M Margaux
59%
22 M Mélissa
59%
63 R Romane
59%
84 C Carla
57%
16 O Ophélie
57%
41 C Coralie
56%
33 M Maëva
56%
18 M Morgane
56%
77 S Sandra
56%
48 C Célia
55%
66 M Marina
55%
56 C Charlène
54%
95 S Stéphanie
54%
64 A Agathe
52%
47 A Alexia
52%
92 C Clémentine
51%
39 E Estelle
51%
89 C Charline
50%
62 J Jessica
50%
57 S Solène
50%
61 L Laurie
48%
59 L Laurine
48%
55 E Emeline
47%
93 G Gaëlle
47%
82 J Jennifer
46%
96 A Axelle
44%
70 A Adeline
43%
72 K Kelly
43%
54 L Laëtitia
43%
74 S Sabrina
43%
90 E Eloïse
41%
58 C Cindy
40%
86 S Salomé
40%
73 A Aurore
39%
71 C Cassandra
39%
75 A Angélique
38%
94 C Coline
38%
69 A Andréa
35%
91 J Johanna
34%
99 L Lucile
34%
80 M Myriam
33%
98 F Floriane
31%
78 M Mégane
30%
60 L Ludivine
29%
81 T Tiffany
24%
83 D Déborah
23%
88 G Gwendoline
20%
97 C Cynthia
18%
87 A Alison
16%
Aucun quiz correspondant
Distribution des résultats
% des personnes avec chaque résultat
Percentile par nombre de réponses
Votre historique - résultats
Vous n’avez pas pris ce quiz